[Event "RUS-ch Higher League 76th"]
[Site "Novokuznetsk"]
[Date "2023.07.05"]
[Round "9"]
[White "Belozerov, Andrei"]
[Black "Chernyshov, Konstantin"]
[Result "0-1"]
[WhiteElo "2453"]
[BlackElo "2409"]
[PlyCount "156"]
[EventDate "2023.06.26"]
[EventType "swiss"]
[EventRounds "9"]
[EventCountry "RUS"]
[SourceTitle "EXT 2024"]
[Source "ChessBase"]
[SourceDate "2023.10.10"]
[SourceVersion "1"]
[SourceVersionDate "2023.10.10"]
[SourceQuality "1"]

1. d4 Nf6 2. c4 e6 3. Nf3 b6 4. g3 Bb7 5. Bg2 Be7 6. 0-0 0-0 7. Nc3 Na6 8. Bf4 Ne4 9. Nxe4 Bxe4 10. Qa4 Qc8 11. Rfd1 c6 12. Rac1 Qb7 13. a3 Rac8 14. b4 b5 15. Qb3 bxc4 16. Qxc4 Nc7 17. Ne1 Bxg2 18. Nxg2 Nd5 19. Bd2 Qb5 20. Nf4 Nxf4 21. Bxf4 Qxc4 22. Rxc4 f5 23. h4 Ra8 24. Rb1 a6 25. f3 Ra7 26. Rb3 Rb7 27. Rd3 Rb5 28. Bd2 Bd6 29. Kg2 f4 30. Bxf4 Bxf4 31. gxf4 Rxf4 32. Kg3 Rf6 33. Rc5 Kf7 34. e4 Rg6+ 35. Kf4 Rf6+ 36. Kg4 Rg6+ 37. Kf4 Rf6+ 38. Kg4 Rg6+ 39. Rg5 Rgxg5+ 40. hxg5 Kg6 41. f4 a5 42. bxa5 Rxa5 43. Rb3 h5+ 44. gxh6 gxh6 45. Rg3 Ra4 46. f5+ exf5+ 47. Kf4+ Kf7 48. Kxf5 Rxd4 49. Rg6 Rd3 50. Rxh6 Rxa3 51. Rh7+ Ke8 52. Rh8+ Ke7 53. e5 Re3 54. Kf4 Re1 55. Kf5 Rf1+ 56. Ke4 Rf2 57. Rg8 Rh2 58. Rg7+ Kd8 59. Kd4 Rd2+ 60. Ke3 Rd1 61. Ke4 Kc7 62. Rg2 c5 63. Rg6 Kb7 64. Ke3 Rd5 65. Ke4 Rd4+ 66. Ke3 Rd1 67. Rh6 Re1+ 68. Kf4 c4 69. Rd6 c3 70. Rxd7+ Kb6 71. Rd6+ Kb5 72. Rd5+ Kb4 73. Rd4+ Kb3 74. Rd8 c2 75. Rb8+ Ka4 76. Rc8 c1Q+ 77. Rxc1 Rxc1 78. e6 Re1 0-1

[Event "RUS-ch Higher League 76th"]
[Site "Novokuznetsk"]
[Date "2023.07.02"]
[Round "6"]
[White "Demidov, Mikhail"]
[Black "Chernyshov, Konstantin"]
[Result "1-0"]
[WhiteElo "2587"]
[BlackElo "2409"]
[PlyCount "75"]
[EventDate "2023.06.26"]
[EventType "swiss"]
[EventRounds "9"]
[EventCountry "RUS"]
[SourceTitle "EXT 2024"]
[Source "ChessBase"]
[SourceDate "2023.10.10"]
[SourceVersion "1"]
[SourceVersionDate "2023.10.10"]
[SourceQuality "1"]

1. Nf3 Nf6 2. g3 b6 3. Bg2 Bb7 4. 0-0 e6 5. c4 Be7 6. Nc3 0-0 7. Re1 d5 8. cxd5 exd5 9. d4 Na6 10. Bf4 c5 11. Qc2 Nb4 12. Qb1 Nc6 13. Rd1 c4 14. Ne5 a6 15. Bg5 Na5 16. Bxf6 Bxf6 17. Ng4 Re8 18. Qf5 Ra7 19. e3 Bg5 20. h4 Bc8 21. Qxg5 Qxg5 22. hxg5 Bxg4 23. Rd2 Be6 24. Nxd5 Bxd5 25. Bxd5 Rd7 26. e4 b5 27. f4 Rc8 28. Kf2 Kf8 29. Rh1 c3 30. Rc2 Rdc7 31. Rxh7 cxb2 32. Rxb2 Rc2+ 33. Rxc2 Rxc2+ 34. Ke3 Rc3+ 35. Ke2 Nc4 36. f5 Rxg3 37. f6 gxf6 38. gxf6 1-0

[Event "RUS-ch Higher League 76th"]
[Site "Novokuznetsk"]
[Date "2023.06.29"]
[Round "4"]
[White "Chernyshov, Konstantin"]
[Black "Goltsev, Dmitry"]
[Result "1/2-1/2"]
[WhiteElo "2409"]
[BlackElo "2269"]
[PlyCount "71"]
[EventDate "2023.06.26"]
[EventType "swiss"]
[EventRounds "9"]
[EventCountry "RUS"]
[SourceTitle "EXT 2024"]
[Source "ChessBase"]
[SourceDate "2023.10.10"]
[SourceVersion "1"]
[SourceVersionDate "2023.10.10"]
[SourceQuality "1"]

1. d4 Nf6 2. c4 e6 3. Nc3 Bb4 4. f3 d5 5. e3 0-0 6. a3 Bxc3+ 7. bxc3 b6 8. cxd5 exd5 9. Bd3 Ba6 10. Ne2 Bxd3 11. Qxd3 Re8 12. 0-0 c5 13. dxc5 bxc5 14. c4 Nc6 15. cxd5 Qxd5 16. Qxd5 Nxd5 17. e4 Nc7 18. Be3 Ne6 19. Rac1 Ncd4 20. Bxd4 cxd4 21. Rfd1 Rec8 22. Kf2 Rxc1 23. Rxc1 Rb8 24. Rd1 Rd8 25. Rd3 g6 26. f4 f5 27. exf5 gxf5 28. Kf3 Kf7 29. g4 fxg4+ 30. Kxg4 Kf6 31. Kf3 a5 32. Ng3 a4 33. Ne4+ Kf5 34. Ng3+ Kf6 35. Ne4+ Kf5 36. Ng3+ 1/2-1/2

[Event "Voronezh op"]
[Site "Voronezh"]
[Date "2023.06.22"]
[Round "7"]
[White "Chernyshov, Konstantin"]
[Black "Bazyrtsyrenov, Kirill"]
[Result "1-0"]
[WhiteElo "2409"]
[BlackElo "2246"]
[PlyCount "133"]
[EventDate "2023.06.16"]
[EventType "swiss"]
[EventRounds "9"]
[EventCountry "RUS"]
[SourceTitle "CBM 214 Extra"]
[Source "ChessBase"]
[SourceDate "2023.07.31"]
[SourceVersion "1"]
[SourceVersionDate "2023.07.31"]
[SourceQuality "1"]

1. d4 Nf6 2. c4 e6 3. Nf3 d5 4. g3 Be7 5. Bg2 0-0 6. Qc2 dxc4 7. Qxc4 a6 8. Bf4 Nd5 9. Bd2 b5 10. Qc2 Bb7 11. 0-0 Nd7 12. Ba5 Qe8 13. Nc3 c5 14. Nxd5 Bxd5 15. e4 Bb7 16. d5 exd5 17. exd5 Bxd5 18. Ng5 Bxg5 19. Bxd5 Ra7 20. Rfe1 Qc8 21. Qf5 Bf6 22. Rad1 Nb6 23. Qxc8 Nxc8 24. b3 g6 25. Kg2 Kg7 26. Rc1 Bd4 27. Red1 Ne7 28. Bf3 Nf5 29. Bb6 Rd7 30. Bxc5 Rfd8 31. Bc6 Rc7 32. Be4 Rcd7 33. Bxf5 gxf5 34. Rxd4 Rxd4 35. Bxd4+ Rxd4 36. Rc6 a5 37. Rc5 Rd2 38. a4 bxa4 39. bxa4 f4 40. g4 Ra2 41. Rxa5 Ra3 42. Rg5+ Kf8 43. a5 h6 44. Rh5 Kg7 45. g5 hxg5 46. Rxg5+ Kh6 47. Rb5 Kg6 48. h3 f6 49. Rc5 Kh6 50. h4 Kg6 51. h5+ Kh6 52. f3 Kg7 53. Rf5 Kh6 54. Kh3 Rxf3+ 55. Kg4 Ra3 56. Kxf4 Ra1 57. Ke4 Rd1 58. Rxf6+ Kxh5 59. a6 Ra1 60. Kd5 Ra5+ 61. Kc4 Kg5 62. Rb6 Kf4 63. Kb4 Ra1 64. Kc5 Ke5 65. Kc6 Ke6 66. Kb7+ Kd7 67. a7 1-0

[Event "Wroclaw op"]
[Site "Wroclaw"]
[Date "2019.08.05"]
[Round "1"]
[White "Chernyshov, Konstantin"]
[Black "Owoc, Jakub"]
[Result "1-0"]
[WhiteElo "2444"]
[BlackElo "1675"]
[PlyCount "99"]
[EventDate "2019.08.05"]
[EventType "swiss"]
[EventRounds "9"]
[EventCountry "POL"]
[SourceTitle "CBM 191 Extra"]
[Source "ChessBase"]
[SourceDate "2019.09.30"]
[SourceVersion "1"]
[SourceVersionDate "2019.09.30"]
[SourceQuality "1"]

1. d4 Nf6 2. c4 g6 3. Bg5 Bg7 4. Nc3 d6 5. Qd2 e5 6. dxe5 dxe5 7. Qxd8+ Kxd8 8. Nd5 Nbd7 9. 0-0-0 h6 10. Bxf6+ Nxf6 11. Nxf6+ Ke7 12. Nd5+ Kf8 13. Nxc7 Rb8 14. Rd8+ Ke7 15. Rxh8 Bxh8 16. e4 f5 17. Bd3 b6 18. Ne2 Rb7 19. Nd5+ Ke6 20. Re1 f4 21. Nec3 a6 22. Be2 Kf7 23. Rd1 Be6 24. Na4 b5 25. Nc5 Ra7 26. cxb5 axb5 27. Kb1 Bg7 28. Bxb5 Bf8 29. Be8+ Kxe8 30. Nxe6 Ra4 31. Nxf8 Kxf8 32. b4 g5 33. Kb2 Kf7 34. Kb3 Ra8 35. b5 h5 36. b6 g4 37. g3 Rb8 38. a4 Kg6 39. a5 Kg5 40. a6 h4 41. a7 Rh8 42. b7 hxg3 43. hxg3 fxg3 44. fxg3 Rh3 45. Rg1 Rh7 46. b8Q Rb7+ 47. Qxb7 Kh5 48. Qh7+ Kg5 49. Qg7+ Kh5 50. Rh1# 1-0

[Event "RUS-chT2"]
[Site "Sochi"]
[Date "2019.05.07"]
[Round "6.3"]
[White "Chernyshov, Konstantin"]
[Black "Drygalov, Andrey"]
[Result "1/2-1/2"]
[WhiteElo "2461"]
[BlackElo "2481"]
[PlyCount "135"]
[EventDate "2019.05.01"]
[EventType "team-swiss"]
[EventRounds "9"]
[EventCountry "RUS"]
[SourceTitle "CBM 190 Extra"]
[Source "ChessBase"]
[SourceDate "2019.07.15"]
[SourceVersion "1"]
[SourceVersionDate "2019.07.15"]
[SourceQuality "1"]
[WhiteTeam "Moscow KPRF"]
[BlackTeam "South Ural Cheliabinsk"]
[WhiteTeamCountry "RUS"]
[BlackTeamCountry "RUS"]

1. d4 Nf6 2. g3 d5 3. Bg2 c6 4. Nf3 Bf5 5. 0-0 h6 6. c4 e6 7. Qb3 Qb6 8. Nc3 Nbd7 9. c5 Qxb3 10. axb3 a6 11. b4 Rc8 12. h3 Be7 13. Re1 0-0 14. Ra3 Rfe8 15. g4 Bh7 16. Bf4 Bd8 17. e3 Bc7 18. Bxc7 Rxc7 19. Ne5 Nxe5 20. dxe5 Nd7 21. f4 g5 22. Rf1 Kg7 23. Ne2 f6 24. exf6+ Nxf6 25. Ng3 e5 26. f5 e4 27. Ne2 Bg8 28. Nd4 Bf7 29. Rf2 Nd7 30. Bf1 Kf6 31. Be2 Ne5 32. Rg2 Rh8 33. Kf2 h5 34. Ra1 hxg4 35. hxg4 Be8 36. Rgg1 Rch7 37. Rg2 Bd7 38. Rag1 Rb8 39. Ra1 b6 40. cxb6 Rxb6 41. Nc2 Nd3+ 42. Bxd3 exd3 43. Ne1 Rh1 44. Rd1 a5 45. Rxd3 Rxb4 46. Rd2 Rh4 47. Kf3 c5 48. Nd3 Rc4 49. Nf2 Bc6 50. Rg1 Rb4 51. Rc1 c4 52. Kg3 Rb3 53. Rc3 a4 54. e4 Ke5 55. exd5 Bxd5 56. Nh3 a3 57. Rxb3 cxb3 58. bxa3 Rh8 59. Nxg5 Rb8 60. Rb2 Kd4 61. Kf4 Kc3 62. Rb1 b2 63. Ne6 Ba2 64. Rxb2 Rxb2 65. g5 Re2 66. g6 Bxe6 67. fxe6 Rxe6 68. Kf5 1/2-1/2

[Event "RUS-chT2"]
[Site "Sochi"]
[Date "2019.05.05"]
[Round "5.3"]
[White "Tenikashvili, Georgij"]
[Black "Chernyshov, Konstantin"]
[Result "1/2-1/2"]
[WhiteElo "2361"]
[BlackElo "2461"]
[PlyCount "127"]
[EventDate "2019.05.01"]
[EventType "team-swiss"]
[EventRounds "9"]
[EventCountry "RUS"]
[SourceTitle "CBM 190 Extra"]
[Source "ChessBase"]
[SourceDate "2019.07.15"]
[SourceVersion "1"]
[SourceVersionDate "2019.07.15"]
[SourceQuality "1"]
[WhiteTeam "Alania RNO"]
[BlackTeam "Moscow KPRF"]
[WhiteTeamCountry "RUS"]
[BlackTeamCountry "RUS"]

1. d4 e6 2. c4 b6 3. e4 Bb7 4. Bd3 Nc6 5. Ne2 Nb4 6. Nbc3 Nxd3+ 7. Qxd3 g6 8. Be3 Bg7 9. 0-0-0 d6 10. h4 h5 11. Bg5 Qd7 12. d5 e5 13. Kb1 Nh6 14. f3 Bc8 15. Rdg1 f6 16. Bxh6 Rxh6 17. g4 hxg4 18. fxg4 Qe7 19. Qf3 Bd7 20. Ng3 0-0-0 21. h5 Be8 22. hxg6 Rxh1 23. Rxh1 Bxg6 24. Nf5 Qd7 25. Ne2 Rh8 26. Rxh8+ Bxh8 27. Qh3 Bg7 28. Neg3 Kb7 29. b3 a6 30. Kb2 Qf7 31. Qh4 a5 32. Qh1 Qf8 33. a3 Qf7 34. b4 axb4 35. axb4 Qf8 36. Kc3 Qa8 37. Kb3 Qf8 38. Kb2 Kb8 39. Kb3 Kb7 40. Qh2 Kb8 41. Qf2 Bh6 42. c5 dxc5 43. bxc5 bxc5 44. Kc4 Bg5 45. Qb2+ Kc8 46. Qa3 Kb7 47. Qb3+ Kc8 48. Qa4 Kb8 49. Qb5+ Ka7 50. Qd7 Kb8 51. Qb5+ Ka7 52. Qc6 Kb8 53. d6 Qf7+ 54. Kc3 cxd6 55. Nxd6 Qc7 56. Qb5+ Ka7 57. Qa4+ Kb8 58. Qa6 c4 59. Qb5+ Ka7 60. Qa4+ Kb8 61. Qb4+ Ka8 62. Qa4+ Kb8 63. Qb4+ Ka8 64. Qa4+ 1/2-1/2

[Event "Budapest FS02 GM"]
[Site "Budapest"]
[Date "2019.02.12"]
[Round "9"]
[White "Orosz, Andras1111"]
[Black "Chernyshov, Konstantin"]
[Result "1/2-1/2"]
[WhiteElo "2358"]
[BlackElo "2487"]
[PlyCount "37"]
[EventDate "2019.02.02"]
[EventType "tourn"]
[EventRounds "9"]
[EventCountry "HUN"]
[EventCategory "7"]
[SourceTitle "CBM 188 Extra"]
[Source "ChessBase"]
[SourceDate "2019.02.26"]
[SourceVersion "1"]
[SourceVersionDate "2019.02.26"]
[SourceQuality "1"]

1. d4 Nf6 2. c4 e6 3. g3 c5 4. d5 exd5 5. cxd5 d6 6. Nc3 g6 7. Bg2 Bg7 8. Nf3 0-0 9. 0-0 Re8 10. Nd2 a6 11. a4 Nbd7 12. a5 b5 13. axb6 Nxb6 14. Nb3 Nc4 15. Ra4 Nb6 16. Ra2 Nc4 17. Ra4 Nb6 18. Ra2 Nc4 19. Ra4 1/2-1/2

[Event "Budapest FS02 GM"]
[Site "Budapest"]
[Date "2019.02.08"]
[Round "6"]
[White "Priasmoro, Novendra"]
[Black "Chernyshov, Konstantin"]
[Result "1/2-1/2"]
[WhiteElo "2452"]
[BlackElo "2487"]
[PlyCount "133"]
[EventDate "2019.02.02"]
[EventType "tourn"]
[EventRounds "9"]
[EventCountry "HUN"]
[EventCategory "7"]
[SourceTitle "CBM 188 Extra"]
[Source "ChessBase"]
[SourceDate "2019.02.26"]
[SourceVersion "1"]
[SourceVersionDate "2019.02.26"]
[SourceQuality "1"]

1. e4 c5 2. Nf3 b6 3. d4 cxd4 4. Nxd4 Bb7 5. Nc3 Nc6 6. Be3 Nf6 7. Be2 e6 8. 0-0 Nxd4 9. Qxd4 Bc5 10. Qd3 Bxe3 11. Qxe3 0-0 12. Bf3 e5 13. Rfd1 Bc6 14. Rd2 Qe7 15. Rad1 Rfc8 16. g4 Ne8 17. g5 Nc7 18. Bg4 Ne6 19. h4 Nf8 20. a3 Rc7 21. h5 Re8 22. Rd6 Bb7 23. h6 g6 24. Rf6 Bc6 25. f4 exf4 26. Qxf4 Ne6 27. Bxe6 dxe6 28. Qe5 Qc5+ 29. Qxc5 bxc5 30. e5 Kf8 31. Kf2 Rb8 32. b3 c4 33. bxc4 Be8 34. Rf4 Rc5 35. Re1 Bc6 36. Kg3 Rd8 37. Re2 Ke8 38. Kh4 Rd7 39. Kg3 a6 40. Kf2 Ra5 41. a4 Rc5 42. Ke1 Ra5 43. Re3 Ke7 44. Re2 Ke8 45. Kf2 Rc5 46. Na2 Bxa4 47. Nb4 a5 48. Nd3 Rc8 49. Ke3 Bc6 50. Re1 a4 51. Ra1 Ra8 52. Rd4 Rc7 53. Rd6 a3 54. Kd4 Ra4 55. Nc5 Ra5 56. Nb3 Ra4 57. Kd3 Bb7 58. Rd4 Ba6 59. Nd2 a2 60. Ne4 Ke7 61. Nf6 Bxc4+ 62. Kd2 Bb3 63. Ng8+ Ke8 64. Nf6+ Ke7 65. Ng8+ Ke8 66. Nf6+ Ke7 67. Ke3 1/2-1/2

[Event "Marianske Lazne GM-A1 18th"]
[Site "Marianske Lazne"]
[Date "2019.01.26"]
[Round "9"]
[White "Chernyshov, Konstantin"]
[Black "Plat, Vojtech"]
[Result "0-1"]
[WhiteElo "2500"]
[BlackElo "2552"]
[PlyCount "176"]
[EventDate "2019.01.19"]
[EventType "tourn"]
[EventRounds "9"]
[EventCountry "CZE"]
[EventCategory "7"]
[SourceTitle "CBM 188 Extra"]
[Source "ChessBase"]
[SourceDate "2019.02.26"]
[SourceVersion "1"]
[SourceVersionDate "2019.02.26"]
[SourceQuality "1"]

1. d4 d6 2. Nc3 Nf6 3. e4 e5 4. Nf3 Nbd7 5. g3 Be7 6. Bg2 c6 7. 0-0 0-0 8. Re1 b5 9. b3 Bb7 10. Bb2 Qc7 11. a4 a6 12. Qd2 Rfe8 13. Rad1 Bf8 14. Qc1 g6 15. axb5 axb5 16. Nb1 Bg7 17. c4 bxc4 18. dxe5 dxe5 19. Qxc4 Ra2 20. Qc2 Nc5 21. Nc3 Raa8 22. b4 Na6 23. Ba3 Bf8 24. Rb1 c5 25. bxc5 Nxc5 26. Nb5 Qc8 27. Nd2 Ba6 28. Nc4 Bxb5 29. Rxb5 Ne6 30. Bb2 Ra2 31. Qb3 Rxb2 32. Nxb2 Nd4 33. Qd3 Nxb5 34. Qxb5 Qc3 35. Qe2 Rb8 36. Nd3 Rd8 37. Rd1 Rd4 38. h3 Kg7 39. Kh2 Qc4 40. Qe3 Qc2 41. Rd2 Qc3 42. Rd1 Bd6 43. Bf3 Qc4 44. Kg2 Qa4 45. Qe2 Qa3 46. Ne1 Rxd1 47. Qxd1 Bc5 48. Nd3 Bd4 49. Qc2 Qa5 50. Nc1 Ne8 51. Nb3 Qb6 52. Nxd4 Qxd4 53. Be2 Nd6 54. Bd3 Nb7 55. Qc4 Qd6 56. Bc2 Nc5 57. Bb3 Ne6 58. Qd5 Qc7 59. Bc4 g5 60. Bb3 Nd4 61. Bc4 h6 62. Ba2 Ne6 63. Qc4 Qe7 64. Qd5 Qf6 65. Bc4 Nd4 66. Kg1 h5 67. Qd7 h4 68. g4 Qf4 69. Qd5 Nf3+ 70. Kg2 Nd2 71. Bd3 Kh6 72. Qd6+ Kh7 73. Qd7 Qf3+ 74. Kg1 Kg7 75. Qd5 Qf6 76. Be2 Qf4 77. Bd3 Nf3+ 78. Kg2 Nd4 79. Bc4 Qf6 80. Qd7 Qf3+ 81. Kg1 Qf4 82. Qd5 Ne6 83. Kg2 Qf6 84. Qd7 Nf4+ 85. Kh2 Nxh3 86. Kxh3 Qf3+ 87. Kh2 Qxf2+ 88. Kh1 h3 0-1

[Event "Marianske Lazne GM-A1 18th"]
[Site "Marianske Lazne"]
[Date "2019.01.20"]
[Round "2"]
[White "Gumularz, Szymon"]
[Black "Chernyshov, Konstantin"]
[Result "1/2-1/2"]
[WhiteElo "2475"]
[BlackElo "2500"]
[PlyCount "92"]
[EventDate "2019.01.19"]
[EventType "tourn"]
[EventRounds "9"]
[EventCountry "CZE"]
[EventCategory "7"]
[SourceTitle "CBM 188 Extra"]
[Source "ChessBase"]
[SourceDate "2019.02.26"]
[SourceVersion "1"]
[SourceVersionDate "2019.02.26"]
[SourceQuality "1"]

1. e4 c6 2. d4 d5 3. e5 g6 4. c4 Bg7 5. Nc3 Nh6 6. Nf3 0-0 7. h3 Na6 8. cxd5 cxd5 9. Bf4 Kh8 10. Qd2 Ng8 11. Be2 Nc7 12. 0-0 Ne6 13. Be3 b6 14. Rac1 Bb7 15. Nh2 f6 16. f4 Nh6 17. g4 Nf7 18. Nf3 fxe5 19. fxe5 Qd7 20. Rf2 Nfd8 21. Rcf1 Nc6 22. Ng5 Rxf2 23. Rxf2 Nxg5 24. Bxg5 Rf8 25. Rxf8+ Bxf8 26. Bf3 e6 27. Bf6+ Kg8 28. Kg2 Ba6 29. h4 Ne7 30. Qg5 Qc7 31. Bd1 Bd3 32. Qe3 Ba6 33. Kg3 Qc4 34. Be2 Qc8 35. Bd1 Qc4 36. Be2 Qc8 37. Bf3 Qc4 38. h5 Qf1 39. Bg2 Qd3 40. Qxd3 Bxd3 41. hxg6 hxg6 42. Kf4 Kf7 43. Bf3 Bc4 44. b3 Ba6 45. Bxe7 Bxe7 46. Be2 Bb4 1/2-1/2

[Event "Harkany Tenkes Cup 42nd"]
[Site "Harkany"]
[Date "2018.11.25"]
[Round "4"]
[White "Chernyshov, Konstantin"]
[Black "Mrazek, Lumir"]
[Result "1-0"]
[WhiteElo "2500"]
[BlackElo "2347"]
[PlyCount "121"]
[EventDate "2018.11.23"]
[EventType "swiss"]
[EventRounds "9"]
[EventCountry "HUN"]
[SourceTitle "CBM 187 Extra"]
[Source "ChessBase"]
[SourceDate "2018.11.04"]
[SourceVersion "1"]
[SourceVersionDate "2018.11.04"]
[SourceQuality "1"]

1. d4 Nf6 2. c4 g6 3. f3 d5 4. cxd5 Nxd5 5. e4 Nb6 6. Nc3 Bg7 7. Be3 0-0 8. Qd2 Nc6 9. 0-0-0 f5 10. Bb5 fxe4 11. fxe4 Bg4 12. Nge2 e5 13. d5 Nd4 14. h3 Bxe2 15. Bxe2 c6 16. Kb1 Kh8 17. dxc6 bxc6 18. h4 Ne6 19. h5 Qxd2 20. Rxd2 g5 21. Rd6 Nd4 22. Ba6 Rab8 23. Bxg5 Rf2 24. h6 Bf8 25. Rd8 Rxd8 26. Bxd8 Kg8 27. Bc7 Nd7 28. Bc8 Nb6 29. Bxe5 Nxc8 30. Bxd4 Rxg2 31. Rh5 Nd6 32. e5 Nf7 33. Ne4 Be7 34. e6 Nd8 35. Bf6 Kf8 36. Ra5 Rg6 37. Bxe7+ Kxe7 38. Rxa7+ Kxe6 39. Rxh7 Nf7 40. a4 Nxh6 41. a5 Nf5 42. a6 Rg8 43. a7 Ra8 44. Nc5+ Kd6 45. Na4 Ne7 46. Rxe7 Kxe7 47. Nb6 Rxa7 48. Nc8+ Kd7 49. Nxa7 Kc7 50. Ka2 Kb7 51. Nxc6 Kxc6 52. Ka3 Kb7 53. Kb4 Kb6 54. b3 Ka6 55. Kc5 Kb7 56. Kb5 Ka7 57. Kc6 Ka8 58. b4 Ka7 59. b5 Kb8 60. Kb6 Ka8 61. Kc7 1-0

[Event "Harkany Tenkes Cup 42nd"]
[Site "Harkany"]
[Date "2018.11.24"]
[Round "3"]
[White "Torok, Sandor"]
[Black "Chernyshov, Konstantin"]
[Result "1/2-1/2"]
[WhiteElo "2250"]
[BlackElo "2500"]
[PlyCount "95"]
[EventDate "2018.11.23"]
[EventType "swiss"]
[EventRounds "9"]
[EventCountry "HUN"]
[SourceTitle "CBM 187 Extra"]
[Source "ChessBase"]
[SourceDate "2018.11.04"]
[SourceVersion "1"]
[SourceVersionDate "2018.11.04"]
[SourceQuality "1"]

1. e4 e6 2. d4 d5 3. Nd2 dxe4 4. Nxe4 Nd7 5. Nf3 Ngf6 6. Nxf6+ Nxf6 7. Bg5 Be7 8. Bd3 0-0 9. Qd2 b6 10. Qf4 Bb7 11. Qh4 g6 12. Ne5 Nd5 13. Bxe7 Qxe7 14. Qxe7 Nxe7 15. Bf1 Rad8 16. 0-0-0 Nf5 17. c3 Kg7 18. Rg1 f6 19. Ng4 Rfe8 20. Ne3 Nxe3 21. fxe3 e5 22. Bb5 Re7 23. g3 exd4 24. exd4 Rd5 25. Bc4 Rh5 26. Rd2 Rf5 27. Rf1 Rxf1+ 28. Bxf1 f5 29. Re2 Rxe2 30. Bxe2 g5 31. Kd2 f4 32. gxf4 gxf4 33. Bg4 Kf6 34. Ke2 Kg5 35. Be6 Be4 36. Kf2 a5 37. Bd7 Bd5 38. a3 Be4 39. Be6 Kf6 40. Bd7 Bd5 41. Bc8 b5 42. Bd7 c6 43. Bg4 a4 44. Bd7 Bh1 45. Bg4 Be4 46. Ke2 Bd5 47. Kf2 Kg5 48. Bd7 1/2-1/2

[Event "Zalakaros op 37th"]
[Site "Zalakaros"]
[Date "2018.05.31"]
[Round "7"]
[White "Karacsonyi, Gellert"]
[Black "Chernyshov, Konstantin"]
[Result "0-1"]
[WhiteElo "2208"]
[BlackElo "2478"]
[PlyCount "66"]
[EventDate "2018.05.25"]
[EventType "swiss"]
[EventRounds "9"]
[EventCountry "HUN"]
[SourceTitle "CBM 184 Extra"]
[Source "ChessBase"]
[SourceDate "2018.06.28"]
[SourceVersion "1"]
[SourceVersionDate "2018.06.28"]
[SourceQuality "1"]

1. e4 c5 2. Nf3 Nc6 3. d4 cxd4 4. Nxd4 Nf6 5. Nc3 d6 6. Bg5 e6 7. Qd2 a6 8. 0-0-0 h6 9. Nxc6 bxc6 10. Bf4 d5 11. Be2 Ra7 12. Rhe1 Rd7 13. exd5 cxd5 14. Be5 Bd6 15. f4 0-0 16. g4 Ne8 17. h4 Bxe5 18. fxe5 Qxh4 19. Rh1 Qg3 20. Qd4 f6 21. exf6 Rxf6 22. Kb1 Nd6 23. Rdg1 Qf4 24. Qc5 Bb7 25. Bd3 Nf7 26. Ne2 Qd6 27. Qxd6 Rxd6 28. Nd4 Ng5 29. Re1 Rf4 30. Nb3 Nf3 31. Ref1 e5 32. Be2 d4 33. Rh3 Rdf6 0-1

[Event "Marianske Lazne GM-A1 17th"]
[Site "Marianske Lazne"]
[Date "2018.01.26"]
[Round "8"]
[White "Chekletsov, Ilya"]
[Black "Chernyshov, Konstantin"]
[Result "1/2-1/2"]
[WhiteElo "2373"]
[BlackElo "2480"]
[PlyCount "69"]
[EventDate "2018.01.20"]
[EventType "tourn"]
[EventRounds "9"]
[EventCountry "CZE"]
[EventCategory "7"]
[SourceTitle "CBM 182 Extra"]
[Source "ChessBase"]
[SourceDate "2018.02.23"]
[SourceVersion "1"]
[SourceVersionDate "2018.02.23"]
[SourceQuality "1"]

1. d4 e6 2. c4 b6 3. a3 Bb7 4. Nc3 Nf6 5. Nf3 Ne4 6. Nxe4 Bxe4 7. Nd2 Bg6 8. g3 Nc6 9. e3 e5 10. d5 Na5 11. h4 h6 12. Bh3 Nb7 13. 0-0 a5 14. b3 Bd6 15. Bb2 0-0 16. f4 Bd3 17. fxe5 Bxf1 18. Bxf1 Bc5 19. Qf3 d6 20. Bd3 dxe5 21. Qf5 g6 22. Qxe5 f6 23. Qe6+ Kg7 24. Ne4 Be7 25. h5 Nc5 26. Nxc5 Bxc5 27. Kg2 Qe7 28. Qg4 g5 29. Qf5 Kg8 30. Rf1 Rae8 31. a4 Bd6 32. Bxf6 Rxf6 33. Qxf6 Qxf6 34. Rxf6 Rxe3 35. Rf3 1/2-1/2

[Event "Marianske Lazne GM-A1 17th"]
[Site "Marianske Lazne"]
[Date "2018.01.23"]
[Round "5"]
[White "Miesbauer, Jan"]
[Black "Chernyshov, Konstantin"]
[Result "0-1"]
[WhiteElo "2276"]
[BlackElo "2480"]
[PlyCount "120"]
[EventDate "2018.01.20"]
[EventType "tourn"]
[EventRounds "9"]
[EventCountry "CZE"]
[EventCategory "7"]
[SourceTitle "CBM 182 Extra"]
[Source "ChessBase"]
[SourceDate "2018.02.23"]
[SourceVersion "1"]
[SourceVersionDate "2018.02.23"]
[SourceQuality "1"]

1. e4 e6 2. d4 d5 3. Nd2 dxe4 4. Nxe4 Bd7 5. Nf3 Bc6 6. Bd3 Nd7 7. 0-0 Ngf6 8. Ng3 Be7 9. b3 0-0 10. c4 Bxf3 11. Qxf3 c6 12. Bb2 Qa5 13. a3 Bd6 14. Rfe1 Qd2 15. Re2 Qf4 16. Qxf4 Bxf4 17. Ne4 Nxe4 18. Bxe4 Rad8 19. g3 Bg5 20. Rd1 Bf6 21. Red2 Rfe8 22. h4 Nb6 23. Bc3 g6 24. f4 h5 25. a4 Nc8 26. Kf2 Nd6 27. Kf3 Rd7 28. Bb4 Nxe4 29. Kxe4 Kg7 30. a5 b6 31. Rd3 Rb8 32. axb6 axb6 33. Ra1 Rbd8 34. Rad1 Ra7 35. R1d2 Ra1 36. Rd1 Ra2 37. R3d2 Raa8 38. Rd3 Rd7 39. R1d2 Rb8 40. Ra2 Rbd8 41. Rad2 Ra8 42. Rd1 Kg8 43. R1d2 Bg7 44. Rd1 Bf8 45. Bxf8 Kxf8 46. d5 exd5+ 47. cxd5 Re8+ 48. Kf3 c5 49. Re3 Rxe3+ 50. Kxe3 f5 51. b4 Ke7 52. bxc5 bxc5 53. Rd3 Kd6 54. Kd2 Ra7 55. Rb3 Ra6 56. Rd3 c4 57. Re3 Kxd5 58. Re8 Ra2+ 59. Ke3 Ra3+ 60. Kf2 c3 0-1

[Event "Marianske Lazne GM-A1 17th"]
[Site "Marianske Lazne"]
[Date "2018.01.22"]
[Round "3"]
[White "Popov, Mikhail"]
[Black "Chernyshov, Konstantin"]
[Result "0-1"]
[WhiteElo "2416"]
[BlackElo "2480"]
[PlyCount "52"]
[EventDate "2018.01.20"]
[EventType "tourn"]
[EventRounds "9"]
[EventCountry "CZE"]
[EventCategory "7"]
[SourceTitle "CBM 182 Extra"]
[Source "ChessBase"]
[SourceDate "2018.02.23"]
[SourceVersion "1"]
[SourceVersionDate "2018.02.23"]
[SourceQuality "1"]

1. d4 Nf6 2. Bg5 c5 3. Bxf6 gxf6 4. d5 Qb6 5. Qc1 f5 6. c4 Bg7 7. Nc3 d6 8. e3 Nd7 9. Nge2 Nf6 10. Ng3 Ne4 11. Bd3 Nxc3 12. bxc3 Qa5 13. Kd2 e6 14. Nh5 Rg8 15. dxe6 fxe6 16. g4 Be5 17. Qc2 Rxg4 18. Rag1 Bd7 19. f4 Bh8 20. Rxg4 fxg4 21. Rg1 0-0-0 22. Rxg4 d5 23. cxd5 Ba4 24. Qb2 c4 25. f5 Qxd5 26. Nf4 Qf3 0-1

[Event "Voronezh Region-ch"]
[Site "Voronezh"]
[Date "2017.12.18"]
[Round "6"]
[White "Chernyshov, Konstantin"]
[Black "Provotorov, Ivan"]
[Result "1/2-1/2"]
[WhiteElo "2481"]
[BlackElo "2375"]
[PlyCount "86"]
[EventDate "2017.12.12"]
[EventType "swiss"]
[EventRounds "9"]
[EventCountry "RUS"]
[SourceTitle "CBM 182 Extra"]
[Source "ChessBase"]
[SourceDate "2018.02.23"]
[SourceVersion "1"]
[SourceVersionDate "2018.02.23"]
[SourceQuality "1"]

1. d4 d5 2. Nf3 Nf6 3. Bg5 Ne4 4. Bf4 Bf5 5. c3 c6 6. Ne5 Qb6 7. Qb3 f6 8. Nd3 Nd7 9. f3 Nd6 10. Bxd6 exd6 11. e3 0-0-0 12. g4 Bg6 13. Nd2 Re8 14. Kf2 Qd8 15. h4 f5 16. h5 Bf7 17. Bh3 Qh4+ 18. Ke2 Qg5 19. Nf1 fxg4 20. Bxg4 Be6 21. Bxe6 Rxe6 22. Kf2 Be7 23. Re1 Rf8 24. Qd1 Bd8 25. Nf4 Ref6 26. Rg1 Qh4+ 27. Rg3 Rxf4 28. exf4 Qxh5 29. Rxg7 Bh4+ 30. Kg2 Qh6 31. Rg4 Bxe1 32. Qxe1 Rxf4 33. Rg3 Qf6 34. Qe8+ Kc7 35. Ne3 Qf7 36. Qxf7 Rxf7 37. Rg5 Nf8 38. Rf5 Rg7+ 39. Kf2 Nd7 40. f4 Kd8 41. Kf3 Ke7 42. Rh5 Rf7 43. Nf5+ Ke6 1/2-1/2